000 00308nam a2200133Ia 4500
008 191201s2014 xx 000 0 und d
100 _aGUPTA,J B
245 0 _aGATE Electrical engineering
250 _aEd
260 _aN. delhi
_bS.K.Kataria
_c2014
300 _a1046
650 _aB.Tech(ECE)
942 _2ddc
_cBK
999 _c42
_d42